[Event "8th ITLukavac 2019"]
[Site "Lukavac, hotel Lukavac"]
[Date "2019.11.23"]
[Round "2"]
[Board "17"]
[White "Janjic, Nikola"]
[Black "Acimovic, Radivoje"]
[Result "1/2-1/2"]
[WhiteElo "1896"]
[BlackElo "2077"]
[PlyCount "43"]
[EventDate "2019.11.22"]
[EventRounds "7"]
[EventCountry "BIH"]

1. c4 Nf6 2. Nc3 g6 3. g3 d5 4. cxd5 Nxd5 5. Bg2 Nxc3 6. dxc3 Qxd1+ 7. Kxd1 Bg7
8. e4 Nc6 9. Bf4 e5 10. Be3 O-O 11. Ne2 Be6 12. b3 a5 13. Kc2 f5 14. f4 a4 15.
fxe5 Bxe5 16. Nd4 Bd7 17. Rhf1 Bxd4 18. cxd4 fxe4 19. Bxe4 Rae8 20. Bxc6 Bxc6
21. Rxf8+ Rxf8 22. Bf4  1/2-1/2

[Event "8th ITLukavac 2019"]
[Site "Lukavac, hotel Lukavac"]
[Date "2019.11.23"]
[Round "2"]
[Board "18"]
[White "Mitrovic, Jovica"]
[Black "Colpa, Husein"]
[Result "1-0"]
[WhiteElo "2076"]
[BlackElo "1798"]
[PlyCount "103"]
[EventDate "2019.11.22"]
[EventRounds "7"]
[EventCountry "BIH"]

1. e4 c5 2. Nf3 e6 3. d4 cxd4 4. Nxd4 Nf6 5. Nc3 d6 6. Be3 Be7 7. Be2 Nc6 8.
O-O Bd7 9. Ndb5 Qb8 10. Bf4 Ne5 11. a4 a6 12. Na3 Qc7 13. Bg3 Bc6 14. f4 Ned7
15. Bf3 Rd8 16. Kh1 h5 17. Qe1 Ng4 18. Qe2 h4 19. Be1 Ngf6 20. Nc4 h3 21. Ne3
hxg2+ 22. Bxg2 b5 23. axb5 axb5 24. b4 Qb7 25. f5 Nxe4 26. fxe6 fxe6 27. Qg4
Ne5 28. Qxe6 Nxc3 29. Bxc3 Rh6 30. Bxc6+ Qxc6+ 31. Qd5 Rc8 32. Qxc6+ Rxc6 33.
Bd4 Rg6 34. c3 Nc4 35. Nd5 Rg5 36. Nxe7 Kxe7 37. Ra7+ Ke6 38. Rxg7 Rh5 39. Kg2
Ra6 40. Kg3 Ra2 41. h4 Ne5 42. Rg5 Rxg5+ 43. hxg5 Ra8 44. Bxe5 Kxe5 45. Kg4 d5
46. Re1+ Kd6 47. g6 Ra2 48. Re3 Rg2+ 49. Rg3 Rxg3+ 50. Kxg3 Ke5 51. g7 d4 52.
g8=Q  1-0

[Event "8th ITLukavac 2019"]
[Site "Lukavac, hotel Lukavac"]
[Date "2019.11.23"]
[Round "2"]
[Board "19"]
[White "Ozkurt, Kutay"]
[Black "Bajramovic, Halid"]
[Result "0-1"]
[WhiteElo "1708"]
[BlackElo "2066"]
[PlyCount "84"]
[EventDate "2019.11.22"]
[EventRounds "7"]
[EventCountry "BIH"]

1. e4 d6 2. d4 g6 3. Nc3 Bg7 4. Nf3 Nf6 5. Be3 O-O 6. Qd2 c6 7. Bh6 Qa5 8. Bd3
Bg4 9. Bxg7 Kxg7 10. Ng5 h6 11. Nf3 e5 12. dxe5 dxe5 13. h3 Bxf3 14. gxf3 Nbd7
15. O-O-O Nh5 16. Kb1 Rad8 17. Qe3 b5 18. Ne2 Qc7 19. Ng3 Nf4 20. h4 Nf6 21.
Be2 a6 22. Qc5 h5 23. Rxd8 Rxd8 24. Rd1 Ne6 25. Qe3 c5 26. Kc1 c4 27. Rxd8 Qxd8
28. Bf1 Ne8 29. Qc3 Qf6 30. b3 cxb3 31. axb3 Nd4 32. Be2 Qxh4 33. Qe3 Qf4 34.
Kd2 Qf6 35. Bd1 b4 36. Ke1 Nc7 37. c3 bxc3 38. Qxc3 Ncb5 39. Qe3 Na3 40. Kf1 h4
41. Nh1 Nab5 42. Kg2 Ne6  0-1

[Event "8th ITLukavac 2019"]
[Site "Lukavac, hotel Lukavac"]
[Date "2019.11.23"]
[Round "2"]
[Board "20"]
[White "Huremovic, Fadil"]
[Black "Aleksic, Neven"]
[Result "0-1"]
[WhiteElo "1795"]
[BlackElo "2182"]
[PlyCount "96"]
[EventDate "2019.11.22"]
[EventRounds "7"]
[EventCountry "BIH"]

1. e4 e5 2. Nf3 Nc6 3. c3 Nf6 4. d3 d5 5. exd5 Qxd5 6. Be2 h6 7. O-O Bf5 8. c4
Qd7 9. Nc3 O-O-O 10. Re1 Bxd3 11. Qxd3 Qxd3 12. Bxd3 Rxd3 13. Nxe5 Nxe5 14.
Rxe5 Bb4 15. Bf4 Rhd8 16. Nd5 Nxd5 17. cxd5 R8xd5 18. Rxd5 Rxd5 19. a3 Bc5 20.
Rb1 g5 21. Be3 Bxe3 22. fxe3 Rd2 23. Rf1 Rxb2 24. Rxf7 c5 25. Kf1 c4 26. e4 c3
27. Rf3 c2 28. Rc3+ Kd7 29. Ke1 Rb1+ 30. Kd2 c1=Q+ 31. Rxc1 Rxc1 32. Kxc1 Ke6
33. Kd2 Ke5 34. Kd3 b5 35. g3 g4 36. Ke3 a5 37. Kd3 b4 38. a4 b3 39. Kc3 Kxe4
40. Kxb3 Kd3 41. Kb2 Kc4 42. Ka3 Kc3 43. Ka2 Kb4 44. Kb2 Kxa4 45. Kc3 Ka3 46.
Kc2 Kb4 47. Kb2 Kc4 48. Ka3 Kd3  0-1

[Event "8th ITLukavac 2019"]
[Site "Lukavac, hotel Lukavac"]
[Date "2019.11.23"]
[Round "2"]
[Board "21"]
[White "Zenelaj, Samuel"]
[Black "Lapo, Safet"]
[Result "1-0"]
[WhiteElo "2132"]
[BlackElo "1760"]
[PlyCount "87"]
[EventDate "2019.11.22"]
[EventRounds "7"]
[EventCountry "BIH"]

1. e4 c6 2. d4 d5 3. Nd2 dxe4 4. Nxe4 Nf6 5. Nxf6+ exf6 6. Bc4 Be7 7. Nf3 O-O
8. O-O Bg4 9. Be3 Bd6 10. h3 Bh5 11. Be2 f5 12. c4 f4 13. Bd2 g5 14. Qb3 b6 15.
Rad1 Nd7 16. Rfe1 Bg6 17. Bc3 h6 18. c5 bxc5 19. dxc5 Nxc5 20. Qc4 Ne4 21. Ne5
Nxc3 22. bxc3 Bf5 23. Qxc6 Bxe5 24. Rxd8 Raxd8 25. Qxh6 Bxc3 26. Qxg5+ Bg6 27.
Rd1 Rxd1+ 28. Bxd1 Re8 29. Bh5 Re1+ 30. Kh2 Kg7 31. Bxg6 fxg6 32. h4 Bf6 33.
Qg4 Re8 34. h5 g5 35. Qf5 Kf7 36. Qh7+ Ke6 37. Qxa7 Rh8 38. Qa6+ Kf5 39. Qd3+
Ke6 40. Qg6 Rf8 41. h6 Rh8 42. h7 Ke5 43. f3 Ke6 44. a4  1-0

[Event "8th ITLukavac 2019"]
[Site "Lukavac, hotel Lukavac"]
[Date "2019.11.23"]
[Round "2"]
[Board "22"]
[White "Sakic, Dino"]
[Black "Mahmutbegovic, Midhat"]
[Result "1-0"]
[WhiteElo "1801"]
[BlackElo "2031"]
[PlyCount "65"]
[EventDate "2019.11.22"]
[EventRounds "7"]
[EventCountry "BIH"]

1. e4 c6 2. d4 d5 3. exd5 cxd5 4. Bd3 Nf6 5. Bf4 Nc6 6. c3 Bg4 7. Nf3 e6 8. Qb3
Qc8 9. Nbd2 Bxf3 10. Nxf3 Be7 11. O-O O-O 12. Rae1 a6 13. Qc2 b5 14. a3 Qb7 15.
Bg5 g6 16. Qe2 Nh5 17. Bc1 Qc7 18. Ne5 Nxe5 19. dxe5 Bc5 20. Qg4 Rab8 21. Be3
Rfc8 22. Bxc5 Qxc5 23. Re3 Qe7 24. Rh3 Ng7 25. Qf4 Ne8 26. Re1 Rb6 27. Ree3 f5
28. Rh6 Rb7 29. Reh3 Qd8 30. g4 Rg7 31. Rg3 fxg4 32. Qxg4 Nc7 33. Bxg6  1-0

[Event "8th ITLukavac 2019"]
[Site "Lukavac, hotel Lukavac"]
[Date "2019.11.23"]
[Round "2"]
[Board "23"]
[White "Mujacic, Haris"]
[Black "Mujcinovic, Muharem"]
[Result "1-0"]
[WhiteElo "2025"]
[BlackElo "1770"]
[PlyCount "69"]
[EventDate "2019.11.22"]
[EventRounds "7"]
[EventCountry "BIH"]

1. e4 e5 2. Nf3 Nc6 3. Bc4 h6 4. d4 exd4 5. Nxd4 d6 6. O-O Nf6 7. Re1 Be7 8.
Nxc6 bxc6 9. e5 Nh7 10. e6 d5 11. exf7+ Kxf7 12. Bb3 Nf6 13. c4 Rf8 14. Nc3 Bb7
15. Bf4 Kg8 16. Be5 Bb4 17. f3 Nd7 18. cxd5 Nxe5 19. dxc6+ Nf7 20. cxb7 Rb8 21.
Bd5 Kh8 22. Qb3 Bc5+ 23. Kh1 Nd6 24. Ne4 Nxe4 25. Rxe4 Re8 26. Qc4 Bb6 27. Rae1
Rxe4 28. Qxe4 Qf6 29. Qe8+ Qf8 30. Qg6 a5 31. Be4 Qg8 32. Rd1 Re8 33. g3 Bc5
34. Rd7 Bd6 35. Rxg7  1-0

[Event "8th ITLukavac 2019"]
[Site "Lukavac, hotel Lukavac"]
[Date "2019.11.23"]
[Round "2"]
[Board "24"]
[White "Imamovic, Samir"]
[Black "Hamzic, Adil"]
[Result "1-0"]
[WhiteElo "1954"]
[BlackElo "1701"]
[PlyCount "85"]
[EventDate "2019.11.22"]
[EventRounds "7"]
[EventCountry "BIH"]

1. e4 c5 2. g3 Nc6 3. Nc3 Nf6 4. Bg2 e6 5. Nge2 Be7 6. d4 cxd4 7. Nxd4 a6 8.
O-O O-O 9. Nxc6 bxc6 10. e5 Nd5 11. Nxd5 exd5 12. b3 f6 13. Bb2 fxe5 14. Bxe5
Bf6 15. Bxd5+ Kh8 16. Bxf6 Qxf6 17. Bg2 a5 18. Qd2 Ba6 19. Rfe1 Rf7 20. f3 d5
21. Rad1 Bb7 22. Qd4 Qxd4+ 23. Rxd4 c5 24. Rd2 d4 25. Re5 Rc7 26. f4 Bxg2 27.
Kxg2 h6 28. Kf3 a4 29. Ke4 axb3 30. axb3 c4 31. Rxd4 cxb3 32. cxb3 Rb8 33. f5
Rxb3 34. Re8+ Kh7 35. Rdd8 Rb4+ 36. Kd5 g5 37. Rh8+ Kg7 38. Rdg8+ Kf7 39. Rf8+
Kg7 40. f6+ Kg6 41. Rhg8+ Kf5 42. Rg7 Rbb7 43. Kd6  1-0

[Event "8th ITLukavac 2019"]
[Site "Lukavac, hotel Lukavac"]
[Date "2019.11.23"]
[Round "2"]
[Board "25"]
[White "Pavicic, Karlo"]
[Black "Pleh, Semir"]
[Result "0-1"]
[WhiteElo "1535"]
[BlackElo "1815"]
[PlyCount "76"]
[EventDate "2019.11.22"]
[EventRounds "7"]
[EventCountry "BIH"]

1. e4 c5 2. Nf3 Nc6 3. Bb5 Nf6 4. Bxc6 bxc6 5. Nc3 Ba6 6. d3 d5 7. Nd2 e5 8.
O-O Be7 9. Re1 Qc7 10. exd5 cxd5 11. Nf3 d4 12. Ne4 Nd7 13. Ng3 O-O 14. Qe2 f6
15. Nh4 g6 16. Qg4 Rf7 17. Bh6 Nf8 18. Bxf8 Bxf8 19. Qe6 Bc8 20. Qc4 Rb8 21. b3
Qe7 22. Qa4 Rb4 23. Qa3 Bh6 24. Nf3 Qc7 25. Ne4 Bg4 26. Ned2 Qc6 27. h3 Bc8 28.
Nc4 Bxh3 29. Kh2 Bg4 30. Ncd2 Qc7 31. Kg1 Re7 32. Qa6 Rb6 33. Qc4+ Be6 34. Qa4
Qc8 35. Qa3 Bd5 36. Ne4 Rc7 37. Nfd2 f5 38. Nc4 Bxc4  0-1

[Event "8th ITLukavac 2019"]
[Site "Lukavac, hotel Lukavac"]
[Date "2019.11.23"]
[Round "2"]
[Board "26"]
[White "Lipovcic, Marko"]
[Black "Mrkovic, Nikola"]
[Result "1-0"]
[WhiteElo "2167"]
[BlackElo "1555"]
[PlyCount "71"]
[EventDate "2019.11.22"]
[EventRounds "7"]
[EventCountry "BIH"]

1. Nf3 d5 2. c4 e6 3. cxd5 exd5 4. d4 Nf6 5. Nc3 c6 6. Bg5 h6 7. Bh4 Be7 8. e3
Bf5 9. Bd3 Bxd3 10. Qxd3 O-O 11. Bxf6 Bxf6 12. O-O Re8 13. b4 a6 14. a4 Nd7 15.
b5 axb5 16. axb5 Qc7 17. bxc6 bxc6 18. Ra6 Qb7 19. Rxa8 Rxa8 20. Rb1 Qa7 21.
Ne2 Rb8 22. Rc1 Qb7 23. Qc2 Rc8 24. Rb1 Qa6 25. Nf4 Rb8 26. Rc1 Be7 27. g3 Rc8
28. Nxd5 Ba3 29. Ra1 cxd5 30. Rxa3 Qb7 31. Qb3 Qc7 32. Kg2 Nf6 33. Ra2 Rb8 34.
Qa3 Rb1 35. Ne5 Ne4 36. Qa8+  1-0

[Event "8th ITLukavac 2019"]
[Site "Lukavac, hotel Lukavac"]
[Date "2019.11.23"]
[Round "2"]
[Board "27"]
[White "Tonkovic, Robert"]
[Black "Smajic, Ervin"]
[Result "1-0"]
[WhiteElo "2118"]
[BlackElo "1553"]
[PlyCount "109"]
[EventDate "2019.11.22"]
[EventRounds "7"]
[EventCountry "BIH"]

1. e4 c6 2. d4 d5 3. exd5 Qxd5 4. c4 Qd8 5. Nf3 Bg4 6. Be3 Nf6 7. Nbd2 e6 8.
Qb3 Qc8 9. Bd3 Bxf3 10. Nxf3 Be7 11. O-O O-O 12. Rad1 Nbd7 13. Bb1 c5 14. Qc2
h6 15. b3 Rd8 16. Rfe1 Bd6 17. dxc5 Bxc5 18. Bf4 Qc6 19. h3 Re8 20. Ne5 Nxe5
21. Bxe5 Be7 22. Qe2 Rad8 23. Qe3 a6 24. Bd3 Rd7 25. Be2 Red8 26. Bf3 Qc8 27.
Bd4 Ne8 28. Bb6 Rxd1 29. Rxd1 Rxd1+ 30. Bxd1 Qd7 31. Bf3 Nf6 32. Qd4 Qxd4 33.
Bxd4 b5 34. cxb5 axb5 35. a4 bxa4 36. bxa4 Bd8 37. Bc3 Nd7 38. a5 f6 39. Bc6
Nc5 40. Bb5 Ne4 41. Bb4 Kf7 42. Bc6 Bxa5 43. Bxa5 Nd6 44. Bb4 Nf5 45. Bc5 e5
46. Kf1 Ke6 47. Bb7 Nh4 48. g3 Ng6 49. h4 Nh8 50. Bc8+ Kf7 51. h5 g6 52. g4
gxh5 53. gxh5 Ke8 54. Be6 Nf7 55. Bf5  1-0

[Event "8th ITLukavac 2019"]
[Site "Lukavac, hotel Lukavac"]
[Date "2019.11.23"]
[Round "2"]
[Board "28"]
[White "Imamovic, Smajl"]
[Black "Osmic, Enis"]
[Result "1-0"]
[WhiteElo "1890"]
[BlackElo "1552"]
[PlyCount "35"]
[EventDate "2019.11.22"]
[EventRounds "7"]
[EventCountry "BIH"]

1. e4 e5 2. Nf3 Nc6 3. Bb5 Bc5 4. Nc3 d6 5. d4 exd4 6. Nxd4 Bxd4 7. Qxd4 Qf6 8.
Qd1 Bd7 9. Nd5 Qd8 10. O-O Ne5 11. Be2 Ne7 12. f4 N5g6 13. Bc4 O-O 14. Bb3 Rb8
15. f5 Ne5 16. Bg5 f6 17. Nxf6+ Kh8 18. Nxh7  1-0

[Event "8th ITLukavac 2019"]
[Site "Lukavac, hotel Lukavac"]
[Date "2019.11.23"]
[Round "2"]
[Board "29"]
[White "Lazic, Emanuel"]
[Black "Kasumovic, Muhidin"]
[Result "1-0"]
[WhiteElo "1549"]
[BlackElo "1870"]
[PlyCount "43"]
[EventDate "2019.11.22"]
[EventRounds "7"]
[EventCountry "BIH"]

1. e4 d6 2. d4 g6 3. Nc3 Bg7 4. Be3 Nc6 5. f3 e5 6. dxe5 Nxe5 7. Qd2 Ne7 8.
O-O-O O-O 9. g4 N7c6 10. h4 Qf6 11. Nd5 Qd8 12. Bh6 Be6 13. h5 Bxd5 14. exd5
Ne7 15. Bxg7 Kxg7 16. hxg6 hxg6 17. Qh6+ Kf6 18. g5+ Kf5 19. Bh3+ Kf4 20. Qh4+
Ke3 21. Qe4+ Kf2 22. Qe1#  1-0

[Event "8th ITLukavac 2019"]
[Site "Lukavac, hotel Lukavac"]
[Date "2019.11.23"]
[Round "2"]
[Board "30"]
[White "Habibovic, Hazim"]
[Black "Skula, Lejla"]
[Result "1-0"]
[WhiteElo "1854"]
[BlackElo "1543"]
[PlyCount "49"]
[EventDate "2019.11.22"]
[EventRounds "7"]
[EventCountry "BIH"]

1. Nf3 Nc6 2. d4 d5 3. h3 Nf6 4. a3 e6 5. Bf4 Bd6 6. Bg5 h6 7. Bxf6 Qxf6 8. e3
O-O 9. c4 dxc4 10. Bxc4 Ne7 11. Nc3 c6 12. Ne4 Qg6 13. Nxd6 Rd8 14. Nxc8 Raxc8
15. O-O c5 16. Bd3 Qf6 17. Rc1 b6 18. b4 cxd4 19. Rxc8 Rxc8 20. Nxd4 e5 21. Ne2
Rd8 22. Qb3 Qd6 23. Bc4 Qf6 24. Ng3 g6 25. Rd1  1-0

[Event "8th ITLukavac 2019"]
[Site "Lukavac, hotel Lukavac"]
[Date "2019.11.23"]
[Round "2"]
[Board "31"]
[White "Hrncic, Amer"]
[Black "Hasanovic, Mustafa"]
[Result "0-1"]
[WhiteElo "1458"]
[BlackElo "1833"]
[PlyCount "106"]
[EventDate "2019.11.22"]
[EventRounds "7"]
[EventCountry "BIH"]

1. d4 Nf6 2. Nf3 g6 3. c4 Bg7 4. Nc3 O-O 5. Bf4 d6 6. e3 c6 7. Be2 Na6 8. O-O
Nc7 9. Rc1 Ne6 10. Bg3 Nh5 11. Re1 Nxg3 12. hxg3 Nc7 13. c5 dxc5 14. dxc5 Qxd1
15. Rexd1 Bg4 16. Nd4 Bxe2 17. Ndxe2 Rfd8 18. Nf4 e5 19. Nd3 f5 20. f3 Rd7 21.
f4 e4 22. Ne5 Re7 23. Rd7 Rae8 24. Rxe7 Rxe7 25. Nc4 Rd7 26. Rd1 Rxd1+ 27. Nxd1
Na6 28. b4 Nxb4 29. a3 Na6 30. Kf2 Nxc5 31. Ke2 Kf8 32. Kd2 Ke7 33. Ne5 Bxe5
34. fxe5 Ke6 35. Kc3 Kxe5 36. Kc4 Nd3 37. Kc3 b5 38. Nb2 Nxb2 39. Kxb2 Kd5 40.
Kc3 a5 41. Kb3 c5 42. Kc3 c4 43. Kc2 Kc5 44. Kc3 b4+ 45. axb4+ axb4+ 46. Kc2 c3
47. Kc1 Kc4 48. Kb1 b3 49. Kc1 Kd3 50. Kd1 Kxe3 51. Kc1 Kd3 52. Kd1 e3 53. Kc1
e2  0-1

[Event "8th ITLukavac 2019"]
[Site "Lukavac, hotel Lukavac"]
[Date "2019.11.23"]
[Round "2"]
[Board "32"]
[White "Muhibic, Cazim"]
[Black "Music, Edin"]
[Result "1-0"]
[WhiteElo "1830"]
[BlackElo "1479"]
[PlyCount "67"]
[EventDate "2019.11.22"]
[EventRounds "7"]
[EventCountry "BIH"]

1. e4 c5 2. f4 d5 3. exd5 Qxd5 4. Nc3 Qd6 5. d3 Nc6 6. Be2 Nf6 7. Nf3 a6 8. O-O
e6 9. a3 Be7 10. Na4 Nd4 11. Ne5 Nxe2+ 12. Qxe2 Qd4+ 13. Be3 Qxa4 14. b3 Qa5
15. c4 O-O 16. Bd2 Qc7 17. g4 Bd6 18. Bc3 Nd7 19. g5 Nxe5 20. fxe5 Be7 21. Qh5
b5 22. Rf3 h6 23. gxh6 g6 24. Rg3 Kh7 25. Qg4 Bb7 26. Rf1 Bd8 27. Bd2 Qd7 28.
Be3 Rc8 29. h4 Ba5 30. h5 Rg8 31. Qf4 gxh5 32. Rg7+ Kh8 33. Qf6 Qd8 34. Rxg8+
 1-0

[Event "8th ITLukavac 2019"]
[Site "Lukavac, hotel Lukavac"]
[Date "2019.11.23"]
[Round "2"]
[Board "34"]
[White "Softic, Kasim"]
[Black "Lukic, Djordje"]
[Result "1-0"]
[WhiteElo "1813"]
[BlackElo "1407"]
[PlyCount "59"]
[EventDate "2019.11.22"]
[EventRounds "7"]
[EventCountry "BIH"]

1. e4 e5 2. f4 exf4 3. Nf3 Nf6 4. Nc3 Bc5 5. d4 Bb6 6. Bxf4 O-O 7. Bd3 Nc6 8.
e5 Nh5 9. Be3 g6 10. g4 Ng7 11. Nd5 Ba5+ 12. c3 d6 13. Bg5 f6 14. Nxf6+ Kh8 15.
Nxh7 Qe8 16. Nf6 Qf7 17. Nh4 Nxe5 18. dxe5 Bf5 19. gxf5 gxf5 20. Bxf5 Nxf5 21.
Nxf5 dxe5 22. O-O Bb6+ 23. Kh1 Qg6 24. Qh5+ Qxh5 25. Nxh5 Kh7 26. Nh4 Rxf1+ 27.
Rxf1 Rg8 28. Rf7+ Kh8 29. Bf6+ Rg7 30. Rxg7  1-0

[Event "8th ITLukavac 2019"]
[Site "Lukavac, hotel Lukavac"]
[Date "2019.11.23"]
[Round "2"]
[Board "35"]
[White "Unuvar, Kaan"]
[Black "Markovic, Rade A"]
[Result "0-1"]
[WhiteElo "1144"]
[BlackElo "1803"]
[PlyCount "120"]
[EventDate "2019.11.22"]
[EventRounds "7"]
[EventCountry "BIH"]

1. e4 e5 2. Nf3 Nc6 3. Nc3 Nf6 4. Bb5 Bc5 5. d3 h6 6. O-O d6 7. d4 exd4 8. Nxd4
Bd7 9. Be3 Ne5 10. Bxd7+ Qxd7 11. Nf5 Bxe3 12. Nxe3 O-O-O 13. b4 Rhe8 14. a4
Ng6 15. Qd3 Nf4 16. Qc4 Qe6 17. Ncd5 Rd7 18. Nxf6 Qxf6 19. f3 Qg5 20. Kh1 d5
21. Qd4 Kb8 22. g3 Ne6 23. Qd3 d4 24. Nc4 h5 25. f4 Qe7 26. Ne5 Rd6 27. Qb5 c6
28. Qc4 f6 29. Ng6 Qc7 30. a5 a6 31. Rad1 Qd7 32. Ne5 Qc7 33. Nf3 Red8 34. f5
Ng5 35. Nxg5 fxg5 36. Rd3 Qe7 37. Re1 Qe5 38. Qc5 Rd5 39. Qc4 Re8 40. Rdd1 Rd6
41. c3 dxc3 42. Rxd6 Qxd6 43. Qxc3 Re5 44. Re2 h4 45. gxh4 gxh4 46. Rd2 Qe7 47.
Rg2 h3 48. Rg4 Rxe4 49. Qg3+ Ka8 50. Qxh3 Re1+ 51. Rg1 Qe4+ 52. Qg2 Rxg1+ 53.
Kxg1 Qb1+ 54. Qf1 Qxb4 55. Qg2 Qe1+ 56. Qf1 Qxa5 57. f6 Qg5+ 58. Qg2 Qxf6 59.
Qf2 Qxf2+ 60. Kxf2 Kb8  0-1

[Event "8th ITLukavac 2019"]
[Site "Lukavac, hotel Lukavac"]
[Date "2019.11.23"]
[Round "2"]
[Board "36"]
[White "Miftari, Hedon"]
[Black "Siljegovic, Nadina"]
[Result "1-0"]
[WhiteElo "1771"]
[BlackElo "1247"]
[PlyCount "59"]
[EventDate "2019.11.22"]
[EventRounds "7"]
[EventCountry "BIH"]

1. e4 e5 2. Nf3 Nc6 3. Bb5 d6 4. O-O Bd7 5. d4 Qe7 6. Nc3 O-O-O 7. d5 Nb8 8.
Be3 a6 9. Bd3 Qe8 10. b4 Nf6 11. Nd2 Be7 12. a4 Ng4 13. Nc4 Nxe3 14. Nxe3 c6
15. b5 cxd5 16. Ncxd5 Be6 17. bxa6 Nxa6 18. Bb5 Qf8 19. Bxa6 bxa6 20. Qd3 Kd7
21. Qxa6 Rc8 22. Nb6+ Kd8 23. Nxc8 Bxc8 24. Qb6+ Kd7 25. Qb5+ Kd8 26. Nd5 Bd7
27. Qb8+ Bc8 28. Qc7+ Ke8 29. Qxc8+ Bd8 30. Qc6#  1-0

[Event "8th ITLukavac 2019"]
[Site "Lukavac, hotel Lukavac"]
[Date "2019.11.23"]
[Round "2"]
[Board "37"]
[White "Bakula, Dalibor"]
[Black "Djuric, Anastasija"]
[Result "1-0"]
[WhiteElo "1759"]
[BlackElo "1078"]
[PlyCount "81"]
[EventDate "2019.11.22"]
[EventRounds "7"]
[EventCountry "BIH"]

1. d4 d5 2. c4 e6 3. Nc3 Nf6 4. Bg5 Be7 5. e3 h6 6. Bh4 Nc6 7. Nf3 Bd7 8. a3 a5
9. Bd3 O-O 10. O-O dxc4 11. Bxc4 Nh7 12. Bg3 Nf6 13. Nb5 Na7 14. Nxa7 Rxa7 15.
Rc1 Bd6 16. Bh4 Be7 17. Re1 Nd5 18. Bxe7 Qxe7 19. Bxd5 exd5 20. Rxc7 Qd6 21.
Rc3 Bc6 22. Qc2 Ra6 23. Ne5 Rc8 24. Rc1 Kf8 25. Nxf7 Kxf7 26. Qf5+ Ke7 27. Qxc8
Bd7 28. Qc5 Qxc5 29. Rxc5 Rc6 30. Rxc6 Bxc6 31. b4 axb4 32. axb4 Kd6 33. f4 Ke6
34. Kf2 Kf5 35. Rc5 Ke4 36. b5 Bd7 37. b6 Bc6 38. Rxc6 bxc6 39. b7 Kd3 40. b8=Q
Ke4 41. Qb1#  1-0

[Event "8th ITLukavac 2019"]
[Site "Lukavac, hotel Lukavac"]
[Date "2019.11.23"]
[Round "3"]
[Board "1"]
[White "Muratovic, Efim"]
[Black "Bojo, Leon"]
[Result "1/2-1/2"]
[WhiteElo "2398"]
[BlackElo "2119"]
[PlyCount "92"]
[EventDate "2019.11.22"]
[EventRounds "7"]
[EventCountry "BIH"]

1. c4 Nf6 2. g3 c5 3. Bg2 g6 4. Nf3 Bg7 5. O-O O-O 6. d4 cxd4 7. Nxd4 Nc6 8. c5
Nxd4 9. Qxd4 d6 10. cxd6 Ne8 11. Qa4 Nxd6 12. Nc3 Bd7 13. Qb3 Bc6 14. Bxc6 bxc6
15. Na4 Nf5 16. e3 Qd5 17. Qxd5 cxd5 18. Bd2 Rab8 19. Rab1 Nd6 20. b3 Ne4 21.
Rfd1 Rfc8 22. Rbc1 Rxc1 23. Bxc1 Rc8 24. Ba3 e6 25. Rc1 Rxc1+ 26. Bxc1 Nc3 27.
Nxc3 Bxc3 28. Ba3 f6 29. Bc5 a6 30. Bd4 Bxd4 31. exd4 Kf7 32. f4 Ke7 33. Kf2
Kd6 34. Ke3 Kc6 35. Kd3 Kb5 36. Kc3 Ka5 37. a3 Kb5 38. h3 Ka5 39. a4 h6 40. h4
h5 41. Kc2 Kb4 42. Kb2 f5 43. Kc2 Ka3 44. Kc3 a5 45. Kc2 Ka2 46. Kc3 Ka3
 1/2-1/2

[Event "8th ITLukavac 2019"]
[Site "Lukavac, hotel Lukavac"]
[Date "2019.11.23"]
[Round "3"]
[Board "2"]
[White "Markovic, Dino"]
[Black "Buljubasic, Sabahudin"]
[Result "0-1"]
[WhiteElo "2119"]
[BlackElo "2342"]
[PlyCount "82"]
[EventDate "2019.11.22"]
[EventRounds "7"]
[EventCountry "BIH"]

1. d4 Nf6 2. Nf3 g6 3. e3 Bg7 4. Bd3 O-O 5. O-O c5 6. b3 cxd4 7. exd4 Nc6 8. a3
d5 9. Nbd2 Nh5 10. Bb2 Qb6 11. c3 Nf4 12. Bc2 Bg4 13. h3 Bh5 14. Kh2 Qc7 15. g4
e5 16. Kh1 Qd7 17. Ng1 Nxh3 18. gxh5 e4 19. Nxe4 dxe4 20. Bxe4 Rfe8 21. Bg2 Nf4
22. Qf3 Nxh5 23. Rad1 Re7 24. Bc1 h6 25. Rfe1 Rae8 26. Bd2 Rxe1 27. Rxe1 Rxe1
28. Bxe1 Qe7 29. Qe4 Qd6 30. a4 Nf6 31. Qf3 Qe6 32. Qd1 Qf5 33. b4 h5 34. b5
Na5 35. d5 Bf8 36. Qd4 b6 37. c4 Bc5 38. Qc3 Ne4 39. Bxe4 Qxe4+ 40. Nf3 Nxc4
41. Qf6 Be7  0-1

[Event "8th ITLukavac 2019"]
[Site "Lukavac, hotel Lukavac"]
[Date "2019.11.23"]
[Round "3"]
[Board "3"]
[White "Obad, Andrija"]
[Black "Sestic, Nermin"]
[Result "0-1"]
[WhiteElo "2321"]
[BlackElo "2105"]
[PlyCount "70"]
[EventDate "2019.11.22"]
[EventRounds "7"]
[EventCountry "BIH"]

1. e4 e6 2. d4 d5 3. Nd2 c5 4. Ngf3 Nf6 5. exd5 Qxd5 6. Bc4 Qd6 7. dxc5 Qxc5 8.
O-O Be7 9. b3 O-O 10. Bb2 Rd8 11. Qe2 Nbd7 12. Bd3 Qh5 13. c4 b6 14. Rad1 Bb7
15. Bc2 Nf8 16. Ne4 Bxe4 17. Bxe4 Nxe4 18. Qxe4 Qg6 19. Qxg6 Nxg6 20. g3 Bc5
21. Kg2 f6 22. Nd4 Bxd4 23. Bxd4 Rd7 24. Be3 Rad8 25. Rxd7 Rxd7 26. Rc1 Ne5 27.
Kf1 Nd3 28. Rc3 e5 29. Ke2 e4 30. a3 Kf7 31. b4 Ke6 32. c5 bxc5 33. Bxc5 Rc7
34. Ke3 Kd5 35. f3 f5  0-1

[Event "8th ITLukavac 2019"]
[Site "Lukavac, hotel Lukavac"]
[Date "2019.11.23"]
[Round "3"]
[Board "4"]
[White "Savic, Petar A"]
[Black "Trkulja, Goran"]
[Result "1-0"]
[WhiteElo "2099"]
[BlackElo "2298"]
[PlyCount "105"]
[EventDate "2019.11.22"]
[EventRounds "7"]
[EventCountry "BIH"]

1. c4 Nf6 2. Nc3 e5 3. g3 d5 4. cxd5 Nxd5 5. Bg2 Nb6 6. Nf3 Nc6 7. d3 Be7 8.
O-O O-O 9. Bd2 Be6 10. Qc1 h6 11. Ne4 Nd7 12. Be3 f5 13. Nc5 Nxc5 14. Bxc5 Bd5
15. Rd1 Bxc5 16. Qxc5 Qd6 17. Qb5 a6 18. Qa4 b5 19. Qc2 Bxf3 20. Qb3+ Kh8 21.
Bxf3 Nd4 22. Qc3 Nxf3+ 23. exf3 c5 24. Rac1 Rac8 25. Re1 Rfe8 26. b3 Qd5 27.
Re3 Rc6 28. f4 e4 29. dxe4 Rxe4 30. Rd3 Qe6 31. Rcd1 c4 32. Rd8+ Kh7 33. R8d7
Qf6 34. Qxf6 Rxf6 35. Rc7 cxb3 36. axb3 Rg6 37. Kf1 Re8 38. Rdd7 Ra8 39. h4 h5
40. Rf7 a5 41. Rxf5 a4 42. Rxh5+ Kg8 43. bxa4 bxa4 44. Rhc5 Raa6 45. h5 Rgf6
46. Rd5 a3 47. Rd8+ Rf8 48. Rdd7 Rfa8 49. Rxg7+ Kf8 50. Rh7 Kg8 51. Rcg7+ Kf8
52. h6 Rxh6 53. Ra7  1-0

[Event "8th ITLukavac 2019"]
[Site "Lukavac, hotel Lukavac"]
[Date "2019.11.23"]
[Round "3"]
[Board "5"]
[White "Mrndjic, Muamer"]
[Black "Onur, Cigdem"]
[Result "0-1"]
[WhiteElo "2224"]
[BlackElo "1940"]
[PlyCount "98"]
[EventDate "2019.11.22"]
[EventRounds "7"]
[EventCountry "BIH"]

1. d4 d5 2. Nf3 Nf6 3. Nc3 e6 4. e3 c5 5. Bd3 Nc6 6. O-O a6 7. dxc5 Bxc5 8. e4
d4 9. Ne2 e5 10. a3 Bg4 11. Ng3 h5 12. h3 h4 13. Nf5 Bxf3 14. Qxf3 g6 15. Nh6
Bf8 16. Ng4 Nxg4 17. Qxg4 Qc8 18. Qxc8+ Rxc8 19. Bd2 Bh6 20. Bxh6 Rxh6 21. b4
Ke7 22. Rfb1 Rc7 23. a4 g5 24. f3 Rd6 25. a5 Nd8 26. b5 Ne6 27. bxa6 bxa6 28.
Rb6 Nc5 29. Rab1 Nxd3 30. cxd3 Rc3 31. Rb7+ Ke6 32. Ra7 Rxd3 33. Rbb7 Rc6 34.
Re7+ Kd6 35. Rad7+ Kc5 36. Rxe5+ Kb4 37. Rb7+ Ka3 38. Rb1 Ka2 39. Rf1 Rc2 40.
Rxg5 Rdd2 41. f4 d3 42. Rf3 Rd1+ 43. Kh2 d2 44. Rd5 Kb2 45. Rf2 Kc1 46. g3
hxg3+ 47. Kxg3 Rg1+ 48. Kf3 Rc3+ 49. Ke2 Re1#  0-1